00677 2200217 4500001002100000005001700021008004100038035002400079082001300103090002300116100004600139245011300185250001100298260002800309300002900337650004200366850001500408980001500423985000600438999001500444YOGYA-0209000002309820090227023735.0 ind  0010-020900000023098 a362.7026 a362.7026bInd HlR aINDONESIA.[Undang-undang, Peraturan dsb.] aHimpunan peraturan perundang-undangan dana pensiun 1996bundang-undang dana pensiun, peraturan pelaksanaan.. aCet. 1 aJakartabEko Jayac1996 avi, 229 hlmbilusc21 cm aPensiun - Undang-undang dan peraturan aYOPDYOG(B) a02-05-2007 a1 a06A0020999